000 00825nam a22002777a 4500
001 BR7904689
003 BR-BrBNA
005 20230928090044.0
007 ta
008 230509b bl.||||| |||| 00| 0 por d
040 _aBR-BrBNA
_bpor
_cBiblioteca Nacional de Agricultura
041 _a(Por)
072 _aN20
_b4510
_b4520
_b/G514
090 _ 4510 BR7904689
100 1 _aHemerly, A.J.
110 1 _aEmpresa de Assistencia Tecnica e Extensao Rural do Estado do Rio de Janeiro, Niteroi (Brasil)
_93979
245 1 _aOperador de maquina agricolas [Equipamento rural; Trator; Brasil]
260 3 _aNiteroi, RJ (Brasil):
_c1979.
300 _a20 p.
500 _a5 illus.
650 _aEquipamento rural
650 _aMaquina agricola
650 _aTrator
909 _a202309
_bLucia
_c55
_dLucia Elande
942 _cBK
999 _c27624
_d27624